Tỏi, gừng, hành (Gia vị phòng trị bệnh thông thường)

Guardado en:
Detalles Bibliográficos
Autor principal: Lâu, Kiến Hoa
Formato: Libro
Lenguaje:Undetermined
Publicado: Hà Nội Thanh Niên 1999
Materias:
Etiquetas: Agregar Etiqueta
Sin Etiquetas, Sea el primero en etiquetar este registro!
Thư viện lưu trữ: Trung tâm Học liệu Trường Đại học Cần Thơ
LEADER 00628nam a2200193Ia 4500
001 CTU_34184
008 210402s9999 xx 000 0 und d
020 |b 35.000đ 
082 |a 615.882 
082 |b H401 
100 |a Lâu, Kiến Hoa 
245 0 |a Tỏi, gừng, hành (Gia vị phòng trị bệnh thông thường) 
245 0 |c Phương Hồng, Lâu Kiến Hoa 
260 |a Hà Nội 
260 |b Thanh Niên 
260 |c 1999 
650 |a diet therapy,diet-kitchens,nutrition - dietetics,public health 
904 |i Minh, 991126 
980 |a Trung tâm Học liệu Trường Đại học Cần Thơ